000 00250nam a22001097a 4500
040 _cSCME
100 _aComyn ,John
_9113244
245 _aAdhesion science
260 _aUK
_bThe royal society of chemistry
_c1997
300 _a149p.
942 _2ddc
_cBK
999 _c594996
_d594996